Reforme pedagogique de l'enseignement primaire : (Record no. 51185)

MARC details
000 -CABECERA
campo de control de longitud fija 00766nam a2200193 a 4500
005 - FECHA Y HORA DE LA ÚLTIMA TRANSACCIÓN
campo de control 20240906063704.0
008 - ELEMENTOS DE LONGITUD FIJA--INFORMACIÓN GENERAL
campo de control de longitud fija 991125s1976 fr 000 0 fre u
035 ## - NÚMERO DE CONTROL DEL SISTEMA
Número de control de sistema UPN01000051185
049 ## - COLECCIÓN
Colección F
050 #4 - SIGNATURA TOPOGRÁFICA DE LA BIBLIOTECA DEL CONGRESO
Número de clasificación LA814
Número de documento/Ítem B4.7
110 1# - ASIENTO PRINCIPAL--NOMBRE CORPORATIVO
Nombre de entidad corporativa o nombre de jurisdicción como elemento de entrada Bélgica.
Unidad subordinada Direction Generale de l'Organisation des Etudes
245 10 - MENCIÓN DE TÍTULO
Título Reforme pedagogique de l'enseignement primaire :
Resto del título programme de mathematique pour les trois cycles /
Mención de responsabilidad, etc. Direction Generale de L'Organisation des Etudes.
260 ## - PUBLICACIÓN, DISTRIBUCIÓN, ETC.
Lugar de publicación, distribución, etc. [Belgica] :
Nombre del editor, distribuidor, etc. Directión Generale de L'Organisatión des Etudes,
Fecha de publicación, distribución, etc. 1976.
300 ## - DESCRIPCIÓN FÍSICA
Extensión 43 p.
500 ## - NOTA GENERAL
Nota general Fotocopia
650 #4 - ASIENTO SECUNDARIO DE MATERIA - TERMINO TEMATICO
Término de materia o nombre geográfico como elemento de entrada Educación primaria
Subdivisión geográfica Bélgica
Subdivisión de forma Planes y programas
9 (RLIN) 18485
650 #4 - ASIENTO SECUNDARIO DE MATERIA - TERMINO TEMATICO
Término de materia o nombre geográfico como elemento de entrada MATEMATICAS-
Subdivisión general ESTUDIO Y ENSEÑANZA (ELEMENTAL) -
Subdivisión geográfica BELGICA
9 (RLIN) 25634
905 ## - TIPO DE MATERIAL
Tipo de material Libro
Holdings
Estado de retiro Estado de pérdida Fuente del sistema de clasificación o colocación Estado dañado No para préstamo Código de colección Localización permanente Ubicación/localización actual Ubicación en estantería Total de préstamos Clasificación Código de barras Fecha visto por última vez Número de copia Tipo de ítem Koha
    Library of Congress Classification   Folletos Folletería Bib. Gregorio Torres Quintero Bib. Gregorio Torres Quintero Folletos   LA814 B4.7 17992F 31/12/2020 1 Libro